John Bradford papers, (Record no. 43765)

MARC details
000 -LEADER
fixed length control field 00873cpcaa2200241 4500
001 - CONTROL NUMBER
control field mm 82084814
003 - CONTROL NUMBER IDENTIFIER
control field DLC
005 - DATE AND TIME OF LATEST TRANSACTION
control field 20260227111717.0
008 - FIXED-LENGTH DATA ELEMENTS--GENERAL INFORMATION
fixed length control field 820702|||||||||||| eng
010 ## - LIBRARY OF CONGRESS CONTROL NUMBER
LC control number mm 82084814
040 ## - CATALOGING SOURCE
Original cataloging agency DLC
Transcribing agency DLC
Description conventions dacs
Modifying agency DLC
072 #7 - SUBJECT CATEGORY CODE
Subject category code C
Source lcmd
100 1# - MAIN ENTRY--PERSONAL NAME
Personal name Bradford, John
245 00 - TITLE STATEMENT
Title John Bradford papers,
Inclusive dates 1776-1782.
300 ## - PHYSICAL DESCRIPTION
Extent 2
Type of unit items.
506 0# - RESTRICTIONS ON ACCESS NOTE
Terms governing access Open to research.
520 8# - SUMMARY, ETC.
Summary, etc. Letterbooks relating to his position as Continental Agent for Prizes at Boston.
546 ## - LANGUAGE NOTE
Language note Collection material in English.
651 #0 - SUBJECT ADDED ENTRY--GEOGRAPHIC NAME
Geographic name Boston (Mass.)
General subdivision History
Chronological subdivision Revolution, 1775-1783.
651 #0 - SUBJECT ADDED ENTRY--GEOGRAPHIC NAME
Geographic name Massachusetts
General subdivision History
Chronological subdivision Revolution, 1775-1783.

No items available.

Powered by Koha